MARC

LEADER 00000nam0a2200000 4500
001 367891
005 20231102012029.0
035 |a (RuTPU)RU\TPU\retro\25254 
090 |a 367891 
100 |a 20220324d1979 m y0rusy50 ca 
101 0 |a rus 
102 |a RU 
105 |a y z 001zy 
200 1 |a Письма к сыну  |f В. А. Сухомлинский 
210 |a Москва  |c Просвещение  |d 1979 
215 |a 96 с. 
320 |a Примечания: с. 95 
606 1 |a Воспитание, теория  |2 stltpush  |3 (RuTPU)RU\TPU\subj\68634  |9 83830 
610 1 |a педагогика 
610 1 |a Россия 
610 1 |a педагогическая мысль 
610 1 |a гражданский долг 
610 1 |a нравственность 
610 1 |a мораль 
610 1 |a молодежь 
686 |a Ч421.3  |v LBC/SL-A  |2 rubbk 
700 1 |a Сухомлинский  |b В. А.  |c российский педагог  |c учитель русского и украинского языка и литературы  |f 1918-1970  |g Василий Александрович  |2 stltpush  |3 (RuTPU)RU\TPU\pers\15869  |9 5534 
801 1 |a RU  |b 63413507  |c 20220324 
801 2 |a RU  |b 63413507  |c 20220414  |g RCR 
942 |c BK